Central Library OPAC University of Rajshahi

Achieving optimal enrollments and tuition revenues : (Record no. 47658)

MARC details
000 -LEADER
fixed length control field 01004nam a2200289 a 4500
001 - CONTROL NUMBER
control field 47658
003 - CONTROL NUMBER IDENTIFIER
rucl marc code BD-RjUL
005 - DATE AND TIME OF LATEST TRANSACTION
control field 20211209054349.0
008 - FIXED-LENGTH DATA ELEMENTS--GENERAL INFORMATION
fixed length control field 160809s1980 cau b 001 0 eng
020 ## - INTERNATIONAL STANDARD BOOK NUMBER
International Standard Book Number 0875894526
035 ## - SYSTEM CONTROL NUMBER
System control number (BD-RjUL)47777
040 ## - CATALOGING SOURCE
Original cataloging agency DLC
Transcribing agency DLC
Modifying agency DLC
-- BD-RjUL
Language of cataloging eng
041 ## - LANGUAGE CODE
Language code of text/sound track or separate title eng
082 00 - DEWEY DECIMAL CLASSIFICATION NUMBER
Edition number 19
Classification number 378.1050973
Author mark and year IHA 1980
100 1# - MAIN ENTRY--PERSONAL NAME
Personal name Ihlanfeldt, William.
9 (RLIN) 144815
245 10 - TITLE STATEMENT
Title Achieving optimal enrollments and tuition revenues :
Remainder of title a guide to modern methods of market research, student recruitment, and institutional pricing /
Statement of responsibility, etc. William Ihlanfeldt.
250 ## - EDITION STATEMENT
Edition statement 1st ed.
260 ## - PUBLICATION, DISTRIBUTION, ETC. (IMPRINT)
Place of publication, distribution, etc. San Francisco, CA :
Name of publisher, distributor, etc. Jossey-Bass Publishers,
Date of publication, distribution, etc. 1980.
300 ## - PHYSICAL DESCRIPTION
Pagination xvi, 267 p. ;
Size 24 cm.
500 ## - GENERAL NOTE
General note Includes index.
504 ## - BIBLIOGRAPHY, ETC. NOTE
Bibliography, etc Bibliography: p. 251-257.
650 #0 - SUBJECT ADDED ENTRY--TOPICAL TERM
Topical term or geographic name as entry element Universities and colleges
Geographic subdivision United States
General subdivision Admission.
9 (RLIN) 144816
Topical term or geographic name as entry element College costs
Geographic subdivision United States.
9 (RLIN) 132185
Topical term or geographic name as entry element Marketing research.
9 (RLIN) 144817
942 ## - ADDED ENTRY ELEMENTS (KOHA)
Source of classification or shelving scheme Dewey Decimal Classification
Koha item type Books
Holdings
Lost status Source of classification or shelving scheme Damaged status Not for loan Collection code Permanent Location Current Location Shelving location Date acquired Source of acquisition Total Checkouts Full call number Date last seen Copy number Koha item type
  Dewey Decimal Classification     Non-fiction Central Library, University of Rajshahi Central Library, University of Rajshahi   25/03/1985 Asia Foundation   378.1050973 IHA 1980 09/08/2016 C-2 Books
  Dewey Decimal Classification     Non-fiction Central Library, University of Rajshahi Central Library, University of Rajshahi   25/03/1985 Asia Foundation   378.1050973 IHA 1980 10/08/2016 C-3 Books
  Dewey Decimal Classification   Not For Loan Non-fiction Central Library, University of Rajshahi Central Library, University of Rajshahi Reading Room 25/03/1985 Asia Foundation   378.1050973 IHA 1980 02/01/2017 C-1 Books